[Event "Trois-Rivieres Mauricie op U2000"]
[Site "Trois Rivieres"]
[Date "2014.03.16"]
[Round "5"]
[White "Laplante, Sylvain"]
[Black "Bond, Jocelyn"]
[Result "1-0"]
[WhiteElo "1801"]
[BlackElo "1955"]
[PlyCount "59"]
[EventDate "2014.03.14"]
[EventType "swiss"]
[EventRounds "5"]
[EventCountry "CAN"]
[SourceTitle "EXT 2022"]
[Source "ChessBase"]
[SourceDate "2021.10.06"]
[SourceVersion "1"]
[SourceVersionDate "2021.10.06"]
[SourceQuality "1"]

1. e4 c5 2. Nf3 a6 3. d4 cxd4 4. Nxd4 Nf6 5. Nc3 e5 6. Nb3 Bb4 7. Qd3 0-0 8. Bd2 d6 9. a3 Bxc3 10. Bxc3 Qc7 11. Be2 Be6 12. 0-0 d5 13. f3 Rd8 14. exd5 Nxd5 15. Qe4 Nxc3 16. bxc3 Nd7 17. f4 exf4 18. Nd4 Re8 19. Bd3 Nf6 20. Qf3 Bd5 21. Qh3 Re3 22. Qh4 Be4 23. Rxf4 Bxd3 24. cxd3 Qxc3 25. Raf1 Rxd3 26. Nf5 Nd5 27. Rg4 g6 28. Nh6+ Kf8 29. Rxf7+ Ke8 30. Re4+ 1-0

[Event "Jonquiere Interclubs Saguenay"]
[Site "Jonquiere"]
[Date "1992.01.18"]
[Round "1"]
[White "Bond, Jocelyn"]
[Black "Tremblay, Yves"]
[Result "1-0"]
[WhiteElo "1943"]
[BlackElo "1689"]
[PlyCount "69"]
[EventDate "1992.01.18"]
[EventType "team-swiss"]
[EventRounds "4"]
[EventCountry "CAN"]
[SourceTitle "EXT 2022"]
[Source "ChessBase"]
[SourceDate "2021.10.06"]
[SourceVersion "1"]
[SourceVersionDate "2021.10.06"]
[SourceQuality "1"]

1. e4 e5 2. Nf3 Nc6 3. Bc4 Nf6 4. d4 exd4 5. 0-0 d6 6. Nxd4 Be7 7. Nc3 0-0 8. h3 Ne5 9. Be2 c6 10. f4 Ng6 11. Nf3 d5 12. e5 Qb6+ 13. Kh2 Ne4 14. Nxe4 dxe4 15. Nd2 Rd8 16. Qe1 Bf5 17. Nc4 Qc7 18. Be3 Be6 19. Kh1 Bd5 20. Nd6 Bxd6 21. exd6 Qxd6 22. c4 Nf8 23. cxd5 cxd5 24. Rd1 b6 25. f5 Rac8 26. Qd2 Qd7 27. Ba6 Ra8 28. Qb4 h6 29. Bb5 Qd6 30. Qxd6 Rxd6 31. Bf4 Rdd8 32. Bc7 d4 33. Bxd8 Rxd8 34. Rf4 e3 35. Rfxd4 1-0

[Event "Jonquiere Interclubs Saguenay"]
[Site "Jonquiere"]
[Date "1992.01.18"]
[Round "2"]
[White "Jobin, Rock"]
[Black "Bond, Jocelyn"]
[Result "0-1"]
[WhiteElo "1669"]
[BlackElo "1943"]
[PlyCount "62"]
[EventDate "1992.01.18"]
[EventType "team-swiss"]
[EventRounds "4"]
[EventCountry "CAN"]
[SourceTitle "EXT 2022"]
[Source "ChessBase"]
[SourceDate "2021.10.06"]
[SourceVersion "1"]
[SourceVersionDate "2021.10.06"]
[SourceQuality "1"]

1. e4 Nc6 2. d4 d5 3. Nc3 dxe4 4. d5 Ne5 5. Qd4 Ng6 6. Nxe4 e5 7. Qc4 Be7 8. Be3 Nf6 9. 0-0-0 Nxe4 10. Qxe4 Qd6 11. Nf3 f5 12. Qc4 Bd7 13. Be2 b5 14. Qb3 0-0 15. h4 Bf6 16. Ng5 a5 17. Bc5 Qxc5 18. d6+ Kh8 19. Nf7+ Rxf7 20. Qxf7 Nf8 21. dxc7 Be6 22. Qh5 e4 23. Rd2 b4 24. Rhd1 Qxc7 25. Bb5 a4 26. Bxa4 Bxb2+ 27. Kb1 Bxa2+ 28. Kxa2 Rxa4+ 29. Kb3 Ra3+ 30. Kxb4 Qa5+ 31. Kc4 Rc3+ 0-1